| 000 | 00392nam a22001697a 4500 | ||
|---|---|---|---|
| 003 | NUST - PNEC | ||
| 005 | 20170116180856.0 | ||
| 008 | 150831b xxu||||| |||| 00| 0 eng d | ||
| 020 | _a8130900580 | ||
| 040 | _cLIBRARY | ||
| 082 | _a530 KAK | ||
| 100 |
_96040 _aKakani, S. L. |
||
| 245 |
_aMechanics _cS. L.Kakani |
||
| 260 | _cc 2005 | ||
| 650 |
_96041 _aMechanics _xME |
||
| 942 |
_2ddc _cBK |
||
| 999 |
_c64826 _d64826 |
||